000 01841nam a2200253Ia 4500
999 _c51796
_d51796
001 18791
003 GE_BSU
005 20210413120452.0
008 181216s2015||||ge |||||||||||||| ||geo||
040 _cGE_BSU
041 _ageo
080 _a61 უ-73
100 _aუსტიაშვილი, მანანა
_911265
245 _aრეპარაციული დენტინოგენეზის უჯრედული და ქსოვილოვანი მექანიზმებისა და დენტინის კარიესის მართვის ძირითადი ასპექტები /
_cმანანა უსტიაშვილი; სამეცნ. ხელმძღვანელი: მარინა მამალაძე, დიმიტრი კორძაია; თბილისის სახელმწიფო სამედიცინო უნივერსიტეტი.
264 _aთბილისი,
_c2015.
300 _a175 გვ.;
_b30 სმ.
653 _aდისერტაცია
653 _aმედიცინა
653 _aსტომატოლოგია
653 _aრეპარაციული დენტინოგენეზის უჯრედული და ქსოვილოვანი მექანიზმებისა და დენტინის კარიესის მართვის ძირითადი ასპექტები
700 _aმამალაძე, მარინა
_eსამეცნიერო ხელმძღვანელი
_93459
710 _aთბილისის სახელმწიფო სამედიცინო უნივერსიტეტი
_911266
942 _cBK
_2udc